000
00258nam a22001217a 4500
008
180925b xxu||||| |||| 00| 0 eng d
041
_a
eng
080
_a
616.073
100
_a
6
101
_a
GEN
245
_a
General Genetics
_c
Uwen.R.D
942
_2
udc
_c
BK
999
_c
48450
_d
48450